Guess the 1970s song lyrics #282 - Statistics

General Stats
  • This quiz has been taken 15 times
  • The average score is 322 of 500
Answer Stats
Answer % Correct
a
100%
the
100%
The
100%
And
92%
I
92%
on
92%
to
92%
To
92%
we
92%
We
92%
be
85%
go
85%
no
85%
No
85%
us
85%
where
85%
you
85%
But
77%
don't
77%
Don't
77%
I'm
77%
in
77%
I've
77%
know
77%
let
77%
love
77%
now
77%
that
77%
way
77%
won't
77%
your
77%
are
69%
get
69%
it
69%
It's
69%
nothing
69%
Nothing
69%
Oh
69%
oh
69%
so
69%
they
69%
They
69%
we'll
69%
well
69%
We're
69%
Ain't
62%
ain't
62%
back
62%
been
62%
got
62%
say
62%
stand
62%
Stand
62%
There's
62%
up
62%
yeah
62%
any
54%
down
54%
going
54%
have
54%
hold
54%
if
54%
long
54%
more
54%
move
54%
our
54%
stop
54%
stoppin
54%
want
54%
Cause
46%
ever
46%
every
46%
Every
46%
gonna
46%
like
46%
many
46%
only
46%
really
46%
that's
46%
things
46%
too
46%
before
38%
has
38%
need
38%
they're
38%
We've
38%
we've
38%
you've
38%
em
31%
end
31%
far
31%
groove
31%
looks
31%
make
31%
stopping
31%
wanna
31%
around
23%
Ask
23%
comin
23%
held
23%
Makes
23%
refuse
23%
someone
23%
together
23%
try
23%
act
15%
come
15%
finally
15%
movin
15%
nowhere
15%
ourselves
15%
polish
15%
polishing
15%
push
15%
puttin
15%
word
15%
listen
8%
lying
8%
negative
8%
tryin
8%
vibe
8%
aside
0%
buyin
0%
denying
0%
groovin
0%
huh
0%
y'all
0%
No matching quizzes found
Score Distribution
Percent of People with Each Score
Percentile by Number Answered
Your Score History
You have not taken this quiz